The Handmaid's Tale A-Level Lit - Statistics

General Stats
  • This quiz has been taken 23 times
  • The average score is 2 of 32
Answer Stats
Hint Answer % Correct
Offred is in the Red Centre 1
55%
Offred meets Serena Joy 3
36%
Offred is taken by the Eyes 46
36%
Offred recalls someone trying to kidnap her daughter in pre-Gilead. She hides her butter at dinner. 12
18%
Offred reflects on her doctor's appointment 11
9%
Offred recalls Moira trying to escape the red centre in an ambulance and being punished. 15
9%
The ceremony. 16
9%
Offred and Nick sleep together. 40
9%
Offred recalls finding the Latin phrase. 9
9%
Offred and the commander's meetings (PART) part 10
9%
Jezebels part 12
9%
The ceremony (PART) part 6
9%
The birthing ceremony (PART) part 8
9%
Offred recalls Janine testifying in the Red Centre and then recalls running with her daughter and getting caught. 13
0%
The household gather and wait for the Commander. Offred recalls buying fake passports. 14
0%
Offred and Nick kiss. 17
0%
Offred thinks of Luke in three scenarios. 18
0%
The Handmaids help Ofwarren give birth. 20
0%
Offred meets the commander for the first time. 23
0%
Offred recalls watching a documentary about the mistress of a guard of a Nazi concentration camp. 24
0%
Offred feels embarrassed during another ceremony. 26
0%
Offred recalls the fall of the US. 28
0%
The commander translates Offer's latin phrase. 29
0%
Offred recalls her and Luke failing to escape the regime. 30
0%
Offred agrees to be impreganted by Nick. 31
0%
Offred attends the Prayvaganza. 33
0%
Offred accompanies the Commander to Jezebels. 37
0%
The Salvaging of three women. 42
0%
The participation. 43
0%
Offred and Ofglen are confronted by tourists 5
0%
Offred recalls being in college with Moira and her mother taking her to a feminist demonstration. She recalls waking up in Gilead and her daughter missing. 7
0%
Offred is on another shopping trip and describes two homosexuals on the wall, and passing by grieving econowives. She sees the Commander lurking outside her room. 8
0%
No matching quizzes found
Score Distribution
Percent of People with Each Score
Percentile by Number Answered
Your Score History
You have not taken this quiz